Dog Man: Attack of the Fleas Trivia - Statistics

General Stats
  • This quiz has been taken 18 times
  • The average score is 6 of 12
Answer Stats
Hint Answer % Correct
o Cat Kid
92%
D The Bark Knight
92%
g Lightning Dude
69%
a The Chief
69%
n Sarah Hatoff
62%
M Petey
46%
How many hits do the Fleas take? 3
38%
What are the Fleas riding? The Robo-Brontosaurus
31%
Move anywhere on the board Chopper
15%
Move up to double your roll Invisible Spray
15%
Take a piece from the Fleas Shrink Ray
15%
Move the opponentbackwards Spin & Move Back
15%
No matching quizzes found
Score Distribution
Percent of People with Each Score
Percentile by Number Answered
Your Score History
You have not taken this quiz